000 00367nam a2200121Ia 4500
008 180309s9999 xx 000 0 und d
020 _a747546290
100 _aRowling, J.K.
245 _aHarry Potter and the prisoner of azkaban /
260 _aUSA :
_b1999
_cBloomsbury pub
300 _a317 pages
650 _aPotter, Harry (Fictitious character) Juvenile software.
999 _c356139
_d356139